|
|
|
|
| LEADER |
00000nkm a2200000 a 4500 |
| 001 |
vtls011886436 |
| 003 |
SK-MaSNL |
| 005 |
20260301224739.0 |
| 007 |
kf bo |
| 008 |
230706q1903 xo 000 g knhun |
| 015 |
|
|
|a SNBG1903
|
| 035 |
|
|
|a urn:nbn:sk:snk-km00ebh1
|
| 035 |
|
|
|a urn:nbn:sk:snk-km43fp7
|
| 035 |
|
|
|a E9B75D88-ABB6-492B-BFBE-3D6F009B308A
|
| 040 |
|
|
|a SNK
|b slo
|c SNK
|e AACR2
|
| 041 |
0 |
|
|a hun
|
| 043 |
|
|
|a e-xo---
|
| 044 |
|
|
|a xo
|c SK
|
| 072 |
|
7 |
|a 913
|x Regionálna geografia
|2 konspekt
|
| 080 |
|
|
|a 913(437.6)
|2 2011
|
| 080 |
|
|
|a (084.121)
|2 2011
|
| 080 |
|
|
|a 728.81
|2 2011
|
| 080 |
|
|
|a 728.82
|2 2011
|
| 245 |
0 |
0 |
|a Likavai várrom
|h grafika
|b Üdvőzlet Rózsahegyről : Bromsilber
|
| 260 |
|
|
|a [Ružomberok?]
|b [vydavateľ neznámy]
|c [1903?]
|
| 300 |
|
|
|a 1 pohľadnica
|b čiernobiela
|c 14 x 9 cm
|
| 500 |
|
|
|a Názvové údaje prevzaté z obrazovej strany pohľadnice
|
| 520 |
8 |
|
|a Zobrazenie: Pohľad zdiaľky na hrad Likavu na zalesnenom kopci
|
| 610 |
2 |
7 |
|a Likava (Slovensko : hrad)
|2 SNKKA
|9 165037
|
| 650 |
0 |
7 |
|a hrady
|2 SNKPH
|9 3039
|
| 650 |
0 |
7 |
|a zámky
|2 SNKPH
|9 3041
|
| 651 |
|
7 |
|a Ružomberok (Slovensko)
|2 SNKPHgeo
|9 24370
|
| 655 |
|
7 |
|a miestne pohľadnice
|2 SNKPH
|9 70510
|
| 655 |
|
7 |
|a geografické pohľadnice
|2 SNKPH
|9 70522
|
| 655 |
|
7 |
|a historické pohľadnice
|2 SNKPH
|9 159703
|
| 852 |
|
|
|a Slovenská národná knižnica
|
| 958 |
|
|
|a GBN
|
| 958 |
|
|
|a GC
|
| 958 |
|
|
|a ONDV
|
| 999 |
|
|
|c 948421
|d 950351
|
| 952 |
|
|
|a SNK
|b SNK
|y PREZ
|7 0
|p 17A1232814
|o snkSP 17348
|0 0
|1 0
|4 0
|d 2019-09-11
|f 1
|l 0
|r 2026-02-24 09:40:25
|w 2026-02-24
|